000 01159cam1a220027701 4500
001 lce00672269
008 710419r19681814enkabf 000 0 eng
010 _a 68097652
015 _aB68-08006
020 _cL.6/6/-
035 _a(Sirsi) r89283
035 _a(DLC) 68097652
035 _a(UPRA)lce00672269
043 _af-mr---
050 0 _aDT305
_b.J13 1968
082 _a916.4
100 1 _aJackson, James Grey.
_6A48842.1
245 1 3 _aAn account of the Empire of Morocco,
_band the districts of Suse and Tafilelt compiled from miscellaneous observations made during a long residence in, and various journeys through, these countries; to which is added an account of shipwrecks on the western coast of Africa, and an interesting account of Timbuctoo, the great emporium of Central Africa.
250 _a3d ed., new impression.
260 _aLondon,
_bCass,
_c1968.
440 0 _aCass library of African studies. Travels and narrati30136ves ;
_vn
_6S7998.1
500 _aThird ed., originally published, London, T. Cadell & W. Davies,
651 8 1 _aMor
_6S37547.1
949 c c _aDT305
_wlcc
_i-125172
_mMAIN
_tBOOK
_lON-SHELF
004 89283
999 _c191493
_d191493